| 000 | 00758nam a22001937a 4500 | ||
|---|---|---|---|
| 003 | OSt | ||
| 005 | 20140407171706.0 | ||
| 008 | 140207b xxu||||| |||| 00| 0 eng d | ||
| 040 | _cमराठी | ||
| 082 | _b246 | ||
| 100 | _aओतूरकर, राजाराम विनायक | ||
| 245 | _aमराठयांचें साम्राज्य | ||
| 260 |
_aपुणे _bवि. ग. केतकर _c1937 |
||
| 300 | _a१९४ पृष्ठे | ||
| 520 | _aमराठयांचें साम्राज्य | ||
| 653 | _aमराठयांचें साम्राज्य | ||
| 856 | _uhttp://dspace.vpmthane.org:8080/jspui/bitstream/123456789/3586/1/246Oturkar_Martha_History.pdf | ||
| 942 |
_2ddc _cEBOOK |
||
| 999 |
_c837041 _d837038 |
||